Rubber (Hevea brasiliensis) (Record no. 67402)

MARC details
000 -LEADER
fixed length control field 00572nam a2200181Ia 4500
100 ## - MAIN ENTRY--AUTHOR NAME
Personal name Varghese Y A
245 #0 - TITLE STATEMENT
Title Rubber (Hevea brasiliensis)
260 ## - PUBLICATION, DISTRIBUTION, ETC. (IMPRINT)
Name of publisher In: Biodiversity in Horticultural Crops. V.1 (Eds. K V Peter and Z Abraham), Daya Publishing House, New Delhi, 2007, pp. 340-364.
500 ## - GENERAL NOTE
General note Source Year: 2007
650 ## - SUBJECT ADDED ENTRY--TOPICAL TERM
Topical Term Genetic diversity
650 ## - SUBJECT ADDED ENTRY--TOPICAL TERM
Topical Term Genetic resources
650 ## - SUBJECT ADDED ENTRY--TOPICAL TERM
Topical Term Germplasm
650 ## - SUBJECT ADDED ENTRY--TOPICAL TERM
Topical Term Planting materials
650 ## - SUBJECT ADDED ENTRY--TOPICAL TERM
Topical Term Recommended clones
700 ## - ADDED ENTRY--PERSONAL NAME
Personal name Abraham S T
942 ## - ADDED ENTRY ELEMENTS (KOHA)
Koha item type Journals
Holdings
Withdrawn status Lost status Damaged status Not for loan Home library Current library Shelving location Date acquired Koha item type
      Journals RRII Library RRII Library Germaplsm 23/07/2008 Journals